<?xml version='1.0' encoding='UTF-8'?><?xml-stylesheet href='static/style.xsl' type='text/xsl'?><OAI-PMH xmlns="http://www.openarchives.org/OAI/2.0/" xmlns:xsi="http://www.w3.org/2001/XMLSchema-instance" xsi:schemaLocation="http://www.openarchives.org/OAI/2.0/ http://www.openarchives.org/OAI/2.0/OAI-PMH.xsd"><responseDate>2026-04-30T18:11:07Z</responseDate><request verb="GetRecord" identifier="oai:ebiltegia.mondragon.edu:20.500.11984/4606" metadataPrefix="marc">https://ebiltegia.mondragon.edu/oai/request</request><GetRecord><record><header><identifier>oai:ebiltegia.mondragon.edu:20.500.11984/4606</identifier><datestamp>2024-01-04T21:56:59Z</datestamp><setSpec>com_20.500.11984_1736</setSpec><setSpec>com_20.500.11984_1627</setSpec><setSpec>col_20.500.11984_1972</setSpec></header><metadata><record xmlns="http://www.loc.gov/MARC21/slim" xmlns:dcterms="http://purl.org/dc/terms/" xmlns:xsi="http://www.w3.org/2001/XMLSchema-instance" xmlns:doc="http://www.lyncode.com/xoai" xsi:schemaLocation="http://www.loc.gov/MARC21/slim http://www.loc.gov/standards/marcxml/schema/MARC21slim.xsd">
   <leader>00925njm 22002777a 4500</leader>
   <datafield ind2=" " ind1=" " tag="042">
      <subfield code="a">dc</subfield>
   </datafield>
   <datafield ind2=" " ind1=" " tag="720">
      <subfield code="a">Mondragon Unibertsitatea</subfield>
      <subfield code="e">author</subfield>
   </datafield>
   <datafield ind2=" " ind1=" " tag="260">
      <subfield code="c">2016-03-18</subfield>
   </datafield>
   <datafield ind2=" " ind1=" " tag="520">
      <subfield code="a">Miren Baranguan Hezkuntza testuinguru multikultural eta eleaniztunean masterreko ikasleak irabazi du aurtengo euskarazko Ikasketa Amaierako Lan onenen saria. Mondragon taldeak eta MONDRAGON UNIBERTSITATEAk antolatutako lehiaketak sustatu nahi du euskarazko proiektuak enpresetan. Aurtengoa lehiaketaren bosgarren edizioa izan da. Bigarren saria Enpresagintzako Garazi Perez de Arenazak irabazi du.</subfield>
   </datafield>
   <datafield ind2=" " ind1=" " tag="520">
      <subfield code="a">Miren Baranguan, estudiante de la Facultad de Humanidades y Ciencias de la Educación en el master universitario en Educación en contextos multiculturales y plurilingües, ha resultado ganadora en la quinta edición de los premios a los mejores Trabajos Fin de Estudio realizados en euskera. El concurso organizado por el grupo Mondragon y MONDRAGON UNIBERTSITATEA pretende impulsar al realización de dichos trabajos en euskera dentro del grupo corporativo. El segundo premia a sido para la estudiante de Enpresariales Garazi Perez de Arenaza.</subfield>
   </datafield>
   <datafield ind1="8" ind2=" " tag="024">
      <subfield code="a">https://www.flickr.com/photos/huhezi/albums/72157665896559092</subfield>
   </datafield>
   <datafield ind1="8" ind2=" " tag="024">
      <subfield code="a">https://hdl.handle.net/20.500.11984/4606</subfield>
   </datafield>
   <datafield tag="653" ind2=" " ind1=" ">
      <subfield code="a">Humanitate eta Hezkuntza Zientzien Fakultatea</subfield>
   </datafield>
   <datafield ind2="0" ind1="0" tag="245">
      <subfield code="a">Miren Baranguan fakultateko ikasleak irabazi du aurtengo euskarazko Ikasketa Amaierako Lan onenen saria</subfield>
   </datafield>
   <datafield ind2="0" ind1="0" tag="245">
      <subfield code="a">La estudiante de la facultad Miren Baranguan ha ganado de la quinta edición del concurso al mejor Trabajo Fin de Estudios realizado en euskera</subfield>
   </datafield>
</record></metadata></record></GetRecord></OAI-PMH>